000
00314nam a2200121Ia 4500
008
151001s9999||||xx |||||||||||||| ||und||
100
_a
हरी नारायण आपटे
245
_a
मी
250
_a
1
260
_b
-
300
_a
130
365
_b
7
999
_c
949277
_d
949274